Former Clubs Of Current Arsenal Players - Statistics

General Stats
  • This quiz has been taken 292 times
  • The average score is 11 of 21
Answer Stats
Player Former Club % Correct
Petr Cech Chelsea
98%
Mesut Özil Real Madrid
83%
Alexis Sanchez Barcelona
79%
Danny Welbeck Manchester United
75%
Theo Walcott Southampton
69%
Skhodran Mustafi Valencia
64%
Alex Oxlade-Chamberlain Southampton
59%
Aaron Ramsey Cardiff City
56%
Olivier Giroud Montpellier
54%
Granit Xhaka Monchengladbach
53%
Santi Cazorla Malaga
49%
Rob Holding Bolton Wanderers
48%
Mathieu Debuchy Newcastle United
48%
Mohamed Elneny Basel
46%
Per Mertesacker Werder Bremen
40%
Lucas Perez Deportivo La Coruna
39%
Nacho Monreal Malaga
38%
Gabriel Paulista Villarreal
37%
Laurent Koscielny Lorient
27%
David Ospina Nice
23%
Yaya Sanogo Auxerre
17%
No matching quizzes found
Score Distribution
Percent of People with Each Score
Percentile by Number Answered
Your Score History
You have not taken this quiz